Detalles MARC
| 000 -CABECERA |
| campo de control de longitud fija |
01644nam a2200349 c 4500 |
| 001 - NÚMERO DE CONTROL |
| campo de control |
a6332512 |
| 003 - IDENTIFICADOR DEL NÚMERO DE CONTROL |
| campo de control |
SpMaBN |
| 005 - FECHA Y HORA DE LA ÚLTIMA TRANSACCIÓN |
| campo de control |
20200428145244.0 |
| 008 - DATOS DE LONGITUD FIJA--INFORMACIÓN GENERAL |
| campo de control de longitud fija |
181011s2018 sp a | ||||o100 0 spa |
| 015 ## - NÚMERO DE BIBLIOGRAFÍA NACIONAL |
| Número de bibliografía nacional |
MON1907 |
| 017 ## - NÚMERO DE COPYRIGHT O DE DEPÓSITO LEGAL |
| Número de copyright o de depósito legal |
M 13312-2018 |
| Agencia que asigna |
Oficina Depósito Legal Madrid |
| 020 ## - NÚMERO INTERNACIONAL ESTÁNDAR DEL LIBRO |
| Número Internacional Estándar del Libro |
9788490913659 |
| Información calificativa |
edición papel |
| 024 7# - IDENTIFICADOR DE OTROS ESTÁNDARES |
| Número estándar o código |
NIPO 083-18-119-8 |
| Información calificativa |
edición papel |
| Fuente del número o código |
nipo |
| 024 7# - IDENTIFICADOR DE OTROS ESTÁNDARES |
| Número estándar o código cancelado o inválido |
NIPO 083-18-120-0 |
| Información calificativa |
edición libro-e |
| Fuente del número o código |
nipo |
| 040 ## - FUENTE DE LA CATALOGACIÓN |
| Centro catalogador/agencia de origen |
SpMaBN |
| Lengua de catalogación |
spa |
| Centro/agencia transcriptor |
SpMaBN |
| Normas de descripción |
rda |
| 041 0# - CÓDIGO DE LENGUA |
| Código de lengua del texto/banda sonora o título independiente |
spa |
| -- |
por |
| 082 ## - NÚMERO DE LA CLASIFICACIÓN DECIMAL DEWEY |
| Número de clasificación |
355 C748e 2018 |
| 111 2# - ENTRADA PRINCIPAL--NOMBRE DE CONGRESO/REUNIÓN |
| Nombre de congreso/reunión o jurisdicción como elemento de entrada |
Conferencia de Directores de Colegios de Defensa Iberoamericanos |
| Sede del congreso/Lugar de la reunión |
19ª |
| Fecha del congreso/reunión |
2018 |
| Sede del congreso/Lugar de la reunión |
Madrid |
| 245 10 - MENCIÓN DE TÍTULO |
| Título |
Educación en seguridad y defensa desde el punto de vista de los colegios de defensa iberoamericanos / |
| Mención de responsabilidad, etc. |
XIX Conferencia de Directores de Colegios de Defensa Iberoamericanos, 2018, CESEDEN |
| 264 ## - PRODUCCIÓN, PUBLICACIÓN, DISTRIBUCIÓN, FABRICACIÓN Y COPYRIGHT |
| Producción, publicación, distribución, fabricación y copyright |
Madrid |
| Nombre del de productor, editor, distribuidor, fabricante |
Ministerio de Defensa, Secretaría General Técnica, |
| Fecha de producción, publicación, distribución, fabricación o copyright |
2018 |
| 300 ## - DESCRIPCIÓN FÍSICA |
| Extensión |
370 páginas |
| Otras características físicas |
Ilustraciones (blanco y negro y color) |
| 504 ## - NOTA DE BIBLIOGRAFÍA, ETC. |
| Nota de bibliografía, etc. |
Incluye referencias bibliográficas |
| 546 ## - NOTA DE LENGUA/LENGUAJE |
| Nota de lengua/lenguaje |
Textos en español y portugués |
| 650 #7 - PUNTO DE ACCESO ADICIONAL DE MATERIA--TÉRMINO DE MATERIA |
| Término de materia o nombre geográfico como elemento de entrada |
Seguridad nacional |
| Subdivisión general |
Enseñanza |
| Subdivisión geográfica |
España |
| Subdivisión de forma |
Congresos y asambleas |
| Fuente del encabezamiento o término |
Sears |
| 650 #7 - PUNTO DE ACCESO ADICIONAL DE MATERIA--TÉRMINO DE MATERIA |
| Término de materia o nombre geográfico como elemento de entrada |
Defensa nacional |
| Subdivisión general |
Enseñanza |
| Subdivisión geográfica |
Portugal |
| Subdivisión de forma |
Congresos y asambleas |
| 650 #7 - PUNTO DE ACCESO ADICIONAL DE MATERIA--TÉRMINO DE MATERIA |
| Término de materia o nombre geográfico como elemento de entrada |
Defensa nacional |
| Subdivisión general |
Enseñanza |
| Subdivisión geográfica |
América Latina |
| Subdivisión de forma |
Congresos y asambleas |
| Fuente del encabezamiento o término |
embne |
| 650 #7 - PUNTO DE ACCESO ADICIONAL DE MATERIA--TÉRMINO DE MATERIA |
| Término de materia o nombre geográfico como elemento de entrada |
Academias militares |
| Subdivisión geográfica |
España |
| Subdivisión de forma |
Congresos y asambleas |
| 650 #7 - PUNTO DE ACCESO ADICIONAL DE MATERIA--TÉRMINO DE MATERIA |
| Término de materia o nombre geográfico como elemento de entrada |
Academias militares |
| Subdivisión geográfica |
Portugal |
| Subdivisión de forma |
Congresos y asambleas |
| 650 #7 - PUNTO DE ACCESO ADICIONAL DE MATERIA--TÉRMINO DE MATERIA |
| Término de materia o nombre geográfico como elemento de entrada |
Academias militares |
| Subdivisión geográfica |
América Latina |
| Subdivisión de forma |
Congresos y asambleas |
| 856 ## - LOCALIZACIÓN Y ACCESO ELECTRÓNICOS |
| Texto de enlace |
https://dialnet.unirioja.es/servlet/libro?codigo=718587 |
| 942 ## - ELEMENTOS DE PUNTO DE ACCESO ADICIONAL (KOHA) |
| Fuente del sistema de clasificación o colocación |
Dewey Decimal Classification |
| Tipo de ítem Koha |
Libros |
| Catalogador |
Elizabeth Figueroa |